Možnosti ekonomiky Slovenska v roku 1993. Stabilita - legislatíva - zmier.
Hlavné veličiny, ktoré charakterizujú makroekonomické prostredie - hospodársku dynamiku, zamestnanosť a cenový vývoj ekonomiky Slovenska. Formovanie vonkajšieho dopytu. Faktory determinujúce vývoj zamestnanosti: demografický vývoj, správanie ekonomických subjektov na trhu práce, vývoj konjunktúry a...
Salvato in:
| Autore principale: | |
|---|---|
| Altri autori: | |
| Natura: | Capitolo di libro |
| Lingua: | slovacco |
| Soggetti: | |
| Tags: |
Nessun Tag, puoi essere il primo ad aggiungerne!!
|
MARC
| LEADER | 00000naa a2200000 4500 | ||
|---|---|---|---|
| 001 | r013360 | ||
| 005 | 20221213122907.8 | ||
| 041 | 0 | |a slo | |
| 044 | |a SK | ||
| 245 | 1 | 0 | |a Možnosti ekonomiky Slovenska v roku 1993. |b Stabilita - legislatíva - zmier. |c P. Kárász, J. Renčko |
| 520 | |a Hlavné veličiny, ktoré charakterizujú makroekonomické prostredie - hospodársku dynamiku, zamestnanosť a cenový vývoj ekonomiky Slovenska. Formovanie vonkajšieho dopytu. Faktory determinujúce vývoj zamestnanosti: demografický vývoj, správanie ekonomických subjektov na trhu práce, vývoj konjunktúry a mzdový vývoj. Cenový vývoj a inflácia v r. 1993. | ||
| 610 | 2 | 0 | |a rozvoj hospodársky |
| 610 | 2 | 0 | |a hospodárstvo národné |
| 610 | 2 | 0 | |a Slovensko |
| 610 | 2 | 0 | |a 1993 |
| 610 | 2 | 0 | |a zamestnanosť |
| 610 | 2 | 0 | |a ceny |
| 610 | 2 | 0 | |a dopyt |
| 610 | 2 | 0 | |a trh práce |
| 610 | 2 | 0 | |a mzdy |
| 610 | 2 | 0 | |a konjunktúra |
| 610 | 2 | 0 | |a inflácia |
| 100 | 1 | |a Kárász, Pavol | |
| 700 | 1 | |a Renčko, Juraj | |